Т. 1: На Дальнем Западе; Охотница за скальпами; Смертельные враги; Талисман: романы; Собрание сочинений

Bibliographic Details
Parent link:Собрание сочинений: В 5 т. : [Пер. с итал.]/ Э. Сальгари; сост. М. Секей. Т. 1: На Дальнем Западе; Охотница за скальпами; Смертельные враги; Талисман.— , 1992-.— 5-85255-146-5
Language:Russian
Published: 1992
Subjects:
Format: MixedMaterials Book
KOHA link:https://koha.lib.tpu.ru/cgi-bin/koha/opac-detail.pl?biblionumber=169106

MARC

LEADER 00000nam2a2200000 4500
001 169106
005 20231031163314.0
010 |a 5852551473 
020 |a RU  |b 92-20877 
035 |a (RuTPU)RU\TPU\book\183443 
035 |a RU\TPU\book\183442 
090 |a 169106 
100 |a 20091106g1992 m y0rusy5003 ca 
101 1 |a rus  |c ita 
102 |a RU 
105 |a y z 000ay 
200 0 |a Т. 1: На Дальнем Западе; Охотница за скальпами; Смертельные враги; Талисман  |e романы 
210 |d 1992 
215 |d 21 см  |e (ил.)  |a 542 с. 
461 1 |0 (RuTPU)RU\TPU\book\183442  |y 5-85255-146-5  |t Собрание сочинений  |o В 5 т. : [Пер. с итал.]  |f Э. Сальгари  |g сост. М. Секей  |v Т. 1: На Дальнем Западе; Охотница за скальпами; Смертельные враги; Талисман  |d 1992- 
610 1 |a итальянская литература 
610 1 |a приключенческие романы 
675 |a 85  |z rus 
801 0 |a RU  |b RuMRKP  |c 19950417  |g psbo 
801 1 |a RU  |b 63413507  |c 20091106 
801 2 |a RU  |b 63413507  |c 20091106  |g RCR 
942 |c BK